Německo-český a česko-německý slovník : Část německo česká /

Na minha lista:
Detalhes bibliográficos
Autor principal: Widimský, František (Author)
Formato: Livro
Idioma:idiomas múltiplos
Publicado em: Praha : Státní pedagogické nakladatelství, 1982
Edição:3.vyd.
Assuntos:
Tags: Adicionar Tag
Sem tags, seja o primeiro a adicionar uma tag!

MARC

LEADER 00000nam a22000003a 4500
001 stu44892
005 20150617225718.0
008 950711s1982----cs------------------mul-d
040 |a STU  |b slo 
041 0 |a mul 
044 |a cs 
080 |a 801.323.2=30=850 
100 1 |a Widimský, František  |4 aut 
245 1 |a Německo-český a česko-německý slovník :  |b Část německo česká /  |c [aut.]František Widimský 
250 |a 3.vyd. 
260 |a Praha :  |b Státní pedagogické nakladatelství,  |c 1982 
300 |a 1019 s 
650 7 |a Slovníky nemecko-české  |2 stusub 
996 |b 284M019587  |c M*2639/1-1  |l MMKN  |s A  |a 24  |w stu44892_0001